| 000 | 00397nam a22001457a 4500 | ||
|---|---|---|---|
| 022 | _a9781845117887 | ||
| 082 | _a958.104 RAS | ||
| 100 | _a Rashid, Ahmed | ||
| 245 | _a Taliban : militant Islam, oil, and fundamentalism in Central Asia | ||
| 260 |
_aNew York _bIBT Publishing _c2008 |
||
| 300 |
_axxiii, 276p. : _e22 cm |
||
| 650 | _aIslamic fundamentalism | ||
| 700 | _aAhmed Rashid | ||
| 942 | _cBK | ||
| 999 |
_c11661 _d11661 |
||